000 00731cam a2200205 a 4500
001 000007443
005 20200929154155.0
008 930802s1991 cu a b 001 0bspa
040 _aDO-SdBNP
_cDLC
082 _a920
_bF828G
100 1 _aGálvez Rodríguez , William,
_d1933-
_920690
245 1 0 _aFrank :
_bentre el sol y la montaña /
_cWilliam Gálvez Rodríguez.
260 _aCiudad de La Habana :
_bUnión de Escritores y Artistas de Cuba,
_cc1991.
300 _a305 p. :
_bil. ;
_c23 cm.
600 1 0 _aPAIS GARCIA, FRANK,
_d1934-1957.
_vBIOGRAFÍA
_920691
651 4 _aCuba
_xHistoria
_y1933-1959.
_911375
651 4 _aCuba
_xHistoria
_xLucha De La Revolución
_919420
910 _aCatalogación por copia / LC
049 _aBNGR
999 _c7224
_d7224